| 000 | 00401nam a2200145 4500 | ||
|---|---|---|---|
| 999 |
_c9457 _d9457 |
||
| 003 | OSt | ||
| 005 | 20210623133747.0 | ||
| 008 | 210623b ||||| |||| 00| 0 eng d | ||
| 020 | _a9780304366675 | ||
| 082 |
_a720.941 _bBRU |
||
| 100 | _aBrunskill, R. W. | ||
| 245 | _aTraditional buildings of Britain : an introduction to vernacular architecture | ||
| 260 |
_bYale university press _c2004 |
||
| 942 | _2ddc | ||